Christians and public life in colonial South India, 1863-1937 : (Record no. 67274)

MARC details
000 -LEADER
fixed length control field 01653nam a22002537a 4500
005 - DATE AND TIME OF LATEST TRANSACTION
control field 20120528165146.0
010 ## - LCCN (DPL NO)
LC control number B-448701-705
020 ## - INTERNATIONAL STANDARD BOOK NUMBER
International Standard Book Number 9780415323215
035 ## - SYSTEM CONTROL NUMBER
System control number B-448701-705
037 ## - SOURCE OF ACQUISITION
Source of stock number/acquisition K.K.Pub/Ven
082 ## - DEWEY DECIMAL CLASSIFICATION NUMBER
Classification number 305.6709548
100 ## - MAIN ENTRY--PERSONAL NAME
Personal name Mallampalli, Chandra
245 ## - TITLE STATEMENT
Title Christians and public life in colonial South India, 1863-1937 :
Remainder of title contending with marginality /
Statement of responsibility, etc by Chandra Mallampalli
260 ## - PUBLICATION, DISTRIBUTION, ETC. (IMPRINT)
Place of publication, distribution, etc London
Name of publisher, distributor, etc Routledge
Date of publication, distribution, etc 2006 (repr)
260 ## - PUBLICATION, DISTRIBUTION, ETC. (IMPRINT)
Place of publication, distribution, etc New Delhi
Name of publisher, distributor, etc Orient Blackswan
Date of publication, distribution, etc 2006
300 ## - PHYSICAL DESCRIPTION
Extent xiv, 305p.
Dimensions 23 cm. (Hb)
942 ## - ADDED ENTRY ELEMENTS (KOHA)
Source of classification or shelving scheme Dewey Decimal Classification
Item type English Books
Classification part 305.6709548
Call number suffix MAL
Holdings
Withdrawn status Lost status Not for loan Collection code Home library Current library Date acquired Source of acquisition Cost, normal purchase price Full call number Barcode Copy number Cost, replacement price Koha item type
      Non-fiction Central Library Central Library 13/06/2012 K.K.Pub/1321/24.09.2011/03/24.09.2011/09.11.2011 750.00 305.6709548 MAL B-448701 1 750.00 English Books
      Non-fiction Karol Bagh Karol Bagh 13/06/2012 K.K.Pub/1321/24.09.2011/03/24.09.2011/09.11.2011 750.00 305.6709548 MAL B-448704 1 750.00 English Books
      Non-fiction Patel Nagar Patel Nagar 13/06/2012 K.K.Pub/1321/24.09.2011/03/24.09.2011/09.11.2011 750.00 305.6709548 MAL B-448702 1 750.00 English Books
      Non-fiction Sarojini Nagar Sarojini Nagar 13/06/2012 K.K.Pub/1321/24.09.2011/03/24.09.2011/09.11.2011 750.00 305.6709548 MAL B-448703 1 750.00 English Books
      Non-fiction Shahdara Branch Shahdara Branch 13/06/2012 K.K.Pub/1321/24.09.2011/03/24.09.2011/09.11.2011 750.00 305.6709548 MAL B-448705 1 750.00 English Books

© Delhi Public Library
Hit Counter
free hit counter